000 00282nam a22001337a 4500
008 170322b xxu||||| |||| 00| 0 eng d
020 _a9781594481710
041 _aeng
080 _a616.8
100 _a7
101 _aSHM
245 _aWHOLE NEW MIND
_cPINK.D.H
942 _2udc
_cBK
999 _c8368
_d8368